Adressing Climate Change : (Registro nro. 18252)

Detalles MARC
000 -CABECERA
Campo de control 00806nam a22002297a 4500
005 - FECHA Y HORA DE LA ULTIMA TRANSACCION
Campo de control 20191217042540.0
008 - ELEMENTOS DE LONGITUD FIJA—INFORMACION GENERAL
Campo de control 160318b2015 fr ado fr|||| 00| 0 eng d
020 ## - ISBN
ISBN 9782358387705
040 ## - FUENTE DE CATALOGACIÓN
Agencia catalogadora original CO-BoIAVH
Agencia transcriptora CO-BoIAVH
041 0# - IDIOMA
Código de idioma para texto/pista de sonido o título separado Inglés
044 ## - PAÍS DE PUBLICACIÓN
País de publicación Francia
082 04 - NUMERO DE CLASIFICACION DECIMAL DEWEY
Número de clasificación 304.25
Número del ítem A24c
245 00 - MENCION DE TITULO
Título Adressing Climate Change :
Parte restante del título French know-how /
260 ## - PUBLICACION, DISTRIBUCION, ETC. (PIE DE IMPRENTA)
Lugar de publicación, distribución, etc. París :
Nombre del editor, distribuidor, etc. ADEME,
Fecha de publicación, distribución, etc. 2013.
300 ## - DESCRIPCION FISICA
Extensión 31 páginas :
Otros detalles físicos ilustraciones a color, gráficas a color, fotografías a color ;
Dimensiones 30 x 21 centímetros
650 #6 - ASIENTO SECUNDARIO DE MATERIA - TERMINO TEMATICO
Término temático o nombre geográfico como elemento de entrada Cambio climático
9 (RLIN) 98479
650 #6 - ASIENTO SECUNDARIO DE MATERIA - TERMINO TEMATICO
Término temático o nombre geográfico como elemento de entrada Cambio climático
Subdivisión general reducción de emisiones
9 (RLIN) 64639
650 #6 - ASIENTO SECUNDARIO DE MATERIA - TERMINO TEMATICO
Término temático o nombre geográfico como elemento de entrada Control de la contaminación
9 (RLIN) 64640
650 #6 - ASIENTO SECUNDARIO DE MATERIA - TERMINO TEMATICO
Término temático o nombre geográfico como elemento de entrada Adaptación al cambio climático
9 (RLIN) 64641
710 2# - ASIENTO SECUNDARIO - NOMBRE CORPORATIVO
Nombre corporativo o de jurisdicción como elemento de entrada French Environment & Energy Management Agency
9 (RLIN) 64642
942 ## - ELEMENTOS ADICIONALES (KOHA)
Sistema de clasificación Dewey Decimal Classification
Tipo de ítem Libro
Existencias
Withdrawn status Lost status Sistema de Clasificación Damaged status No para préstamo Colección Inventariado Ubicación Permanente Ubicación actual Fecha de adquisición Fuente de Valor Valor Total Checkouts Número topográfico Inventario / Código de Barras Date last seen Ejemplar Price effective from Forma de adquisición Tipo de material
    Dewey Decimal Classification     General Inventariado 2017 Bogotá Bogotá 18/03/2016 Instituto 39000.00   LB-304.25 A24c 039893 18/03/2016 Ej. 1 18/03/2016   Libro